Owoce i warzywa według emoji - Statystyki

Ogólne statystyki
  • Ten quiz został rozwiązany 3 649 razy
    2 224 od ostatniego zresetowania
  • Średni wynik to 16 z 29
Statystyki odpowiedzi
Emoji Owoc % Poprawnych
Jabłko
93%
Banan
85%
Gruszka
75%
Pomidor
75%
Truskawka
75%
Marchew
70%
Ogórek
70%
Arbuz
69%
Cytryna
64%
Bakłażan
63%
Wiśnia/Czereśnia
63%
Brzoskwinia
60%
Ziemniak
60%
Kiwi
59%
Ananas
56%
Winogrono
55%
Cebula
53%
Mango
50%
Mandarynka
49%
Papryka
48%
Jagoda
46%
Brokuł
44%
Melon
43%
Awokado
42%
Kokos
40%
Czosnek
39%
Kukurydza
36%
Oliwa/Oliwka
18%
Słodki ziemniak/Batat
18%
Nie znaleziono quizów pasujących do podanych kryteriów
Rozkład punktacji
Procent ludzi z każdym wynikiem
Percentyl według liczby udzielonych odpowiedzi
Twoja historia wyników
Nie rozwiązałeś tego quizu od ostatniego zresetowania